MARC details
| 000 -LEADER |
| fixed length control field |
01063cam a2200217 4500 |
| 001 - CONTROL NUMBER |
| control field |
WB3945-11 |
| 008 - FIXED-LENGTH DATA ELEMENTS--GENERAL INFORMATION |
| fixed length control field |
031127n2003 000 0 eng u |
| 035 ## - SYSTEM CONTROL NUMBER |
| System control number |
(Sirsi) u124506 |
| 245 ## - TITLE STATEMENT |
| Title |
Use classes |
| 260 ## - PUBLICATION, DISTRIBUTION, ETC. |
| Date of publication, distribution, etc. |
2003 |
| 490 ## - SERIES STATEMENT |
| Series statement |
ODPM News Release |
| Volume/sequential designation |
(252) 27 November 2003, (2) |
| 520 ## - SUMMARY, ETC. |
| Summary, etc. |
Government is changing the categorisation of restaurants, pubs and takeaways. Previously they have had the same classification making it possible for them to change into one of the other uses without planning permission. The aim is to help local authorities create the correct balance of business on the high street through sensible development rather than one that can have a negative impact on the local quality of life. For the ODPM Press Release: http://www.odpm.gov.uk/pns/DisplayPN.cgi?pn_id=2003_0252 |
| 590 ## - LOCAL NOTE (RLIN) |
| Local note |
WB |
| 650 ## - SUBJECT ADDED ENTRY--TOPICAL TERM |
| Topical term or geographic name entry element |
USE CLASSES |
| 650 ## - SUBJECT ADDED ENTRY--TOPICAL TERM |
| Topical term or geographic name entry element |
HIGH STREET |
| 650 ## - SUBJECT ADDED ENTRY--TOPICAL TERM |
| Topical term or geographic name entry element |
RESTAURANTS |
| 650 ## - SUBJECT ADDED ENTRY--TOPICAL TERM |
| Topical term or geographic name entry element |
FAST FOOD OPERATORS |
| 650 ## - SUBJECT ADDED ENTRY--TOPICAL TERM |
| Topical term or geographic name entry element |
QUALITY OF LIFE |
| 690 ## - LOCAL SUBJECT ADDED ENTRY--TOPICAL TERM (OCLC, RLIN) |
| Topical term or geographic name as entry element |
ENVIRONMENTAL AND LAND CONSULTANCY-PLANNING AND DEVELOPMENT |
| 942 ## - ADDED ENTRY ELEMENTS (KOHA) |
| Suppress in OPAC |
0 |